00596nam a2200205Ia 4500008004000000041000800040082001200048100000600060245004700066260004300113650001200156650001200168650001500180650000700195650001700202690002100219906001100240999001900251952012000270210210b1939 xxu||||| |||| 00| 0 eng d aeng a335/373 a- aProblem of surplus agricultural population aLondonbOxford University Pressc1939 asurplus aProblem apopulation aof aagricultural aIndian Economics a004715 c127734d127734 001040708EconomicsaALbALcEconomicsd2021-02-17g0.00l0o335/373p004715r2021-02-17 00:00:00w2021-02-17yBK